| 000 | 00000nas##2200000za#4500 |
| 001 | 9.515718 |
| 003 | CaOODSP |
| 005 | 20200325133041 |
| 007 | ta |
| 008 | 150406c2002||||xxc|| p #||||f| |0eng|d |
| 022 | |a1915-2388 |
| 040 | |aCaOODSP|beng |
| 043 | |an-cn--- |
| 086 | 1 |aIu61-2E |
| 110 | 1 |aCanada. |bIndustry Canada. |
| 245 | 10|aPrime Minister's Awards for Excellence in Early Childhood Education. Guidelines and nomination form |
| 260 | |aOttawa - Ontario : |bIndustry Canada |
| 310 | |aAnnual |
| 362 | 1 |a[200-?]-- |
| 520 | 3 |aHonours outstanding educators who, through their dedication and skill, are giving children an important head start that helps them succeed at school. |
| 690 | 07|aAwards|2gcpds |
| 690 | 07|aPreschool education|2gcpds |
| 775 | 08|tPrix du Premier ministre pour l'excellence en éducation de la petite enfance. Lignes directrices et formulaire de mise en candidature |w(CaOODSP)9.514041 |
| 776 | 0#|tPrime Minister's Awards for Excellence in Early Childhood Education. |w(CaOODSP)9.506115 |